Alman kültüründe Türk imgesi II (Record no. 537)

MARC details
000 -BAŞLIK
Sabit Uzunlukta Kontrol Alanı 00814na a2200289 4500
001 - KONTROL NUMARASI
Denetim Alanı 23087
003 - KONTROL NUMARASI IDENTIFIER
Denetim Alanı MIRAKIL
005 - SON İŞLEM TARİHİ VE ZAMANI
Denetim Alanı 20181213154753.0
008 - SABİT-BOY VERİ ELEMANLARI - GENEL BİLGİLER
Sabit Uzunlukta Kontrol Alanı 170630b tu 000 0
020 ## - ULUSLARARASI STANDART KİTAP NUMARASI
Uluslararası Standart Kitap Numarası 9755200606
035 ## - SİSTEM KONTROL NUMARASI
Sistem Kontrol Numarası 12940
040 ## - KATALOGLAMA KAYNAK
Orijinal Kataloglama Ajansı Milas
Kataloglama Dili tur
Metne Dönüştürmek Ajansı TR-AnCHP
041 ## - DİL KODU
Metin / Ses Parça Veya Ayrı Başlığın Dil Kodu tur
082 ## - DEWEY ONLU SINIFLANDIRMA NUMARASI
Sınıflandırma Numarası 305.89435
Ürün Numarası K84a 1993
090 ## - SINIFLAMA NUMARASI
Sınıflama Numarası 305.89435 K84a 1993
100 ## - ANA GİRİŞ - KİŞİSEL İSİM
Kişisel Ad Kula, Onur Bilge
245 ## - BAŞLIK TABLOSU
Başlık Alman kültüründe Türk imgesi II
Sorumluluk Tablosu, Vb Onur Bilge Kula
246 ## - UNVAN FORM VARYING
Başlık Doğru / Kısa Başlığı Türk simgesi
260 ## - YAYIN, DAĞITIM, VB
Yayın, Dağıtım, Vb Yeri Ankara
Yayıncı, Dağıtıcı, Vs Adı Gündoğan Yayınları
Yayın, Dağıtım, Vb Tarihi 1993
300 ## - FİZİKSEL TANIM
Kapsam 208 s. c.2
Boyutlar 19 sm.
490 ## - SERİSİ TABLOSU
Seri Beyanı Gündoğan yayınları
Hacim / Ardışık Tanımı 93.72
490 ## - SERİSİ TABLOSU
Seri Beyanı Edebiyat
Hacim / Ardışık Tanımı 12.17
650 ## - KONU KATMA GİRİŞ - TOPİKAL DÖNEM
Topikal Süreli Veya Coğrafi Ad Giriş Elemanı Türkler
Genel Alt Bölümü Kültür
Coğrafi Alt Bölümü Almanya
650 ## - KONU KATMA GİRİŞ - TOPİKAL DÖNEM
Topikal Süreli Veya Coğrafi Ad Giriş Elemanı Türkler
Genel Alt Bölümü Dış kamuoyu
Coğrafi Alt Bölümü Almanya
651 ## - KONU KATMA GİRİŞ - COĞRAFİ ADI
Coğrafi İsim Türkiye
Genel Alt Bölümü Dış kamuoyu, Alman
942 ## - EKLENDİ GİRİŞ ELEMANLARI (KOHA)
Sınıflandırma Veya Raf Düzeni Kaynak Dewey Decimal Classification
Koha Öğesi Türü Books
999 ## - SİSTEM KONTROL NUMARALARI (KOHA)
Koha Biblionumber 537
Koha Biblioitemnumber 537
Holdings
Kalıcı Konum Mevcut Konum Edinme Tarihi Edinim Kaynak Toplam Check-Out'Lar Tam Çağrı Numarası Barkod Tarih Son Görülme İtibaren Geçerli Fiyatlar Koha Öğesi Türü
CHP Kütüphanesi CHP Kütüphanesi 06/30/2017 Bağış   305.89435 K84a 1993 017057 06/30/2017 06/30/2017 Books